¿De qué hablamos cuando hablamos de familia? /
El artículo hace referencia al concepto de familia, y particularmente a las tendencias socio-demográficas que la han configurado en el siglo veinte, donde se señala el aumento en la expectativa de vida y la disminución de las tasas de fecundidad. Destaca que esto debe ser contemplado en las política...
Uloženo v:
| Hlavní autor: | |
|---|---|
| Médium: | Text |
| Témata: | |
| Tagy: |
Přidat tag
Žádné tagy, Buďte první, kdo vytvoří štítek k tomuto záznamu!
|
MARC
| LEADER | 00000 a a2200000 04500 | ||
|---|---|---|---|
| 001 | 41347 | ||
| 003 | |||
| 040 | |||
| 100 | |a Acosta Alvarez, Maria Patricia | ||
| 245 | |a ¿De qué hablamos cuando hablamos de familia? / |c María Patricia Acosta Alvarez | ||
| 520 | |a El artículo hace referencia al concepto de familia, y particularmente a las tendencias socio-demográficas que la han configurado en el siglo veinte, donde se señala el aumento en la expectativa de vida y la disminución de las tasas de fecundidad. Destaca que esto debe ser contemplado en las políticas sociales para comprender el aumento de las tasas de divorcios y separaciones, y de hogares con jefatura femenina. Finaliza resaltando la importancia de aceptar la diversidad de formas de convivencia a nivel legal y social, lo que convoca a la definición de política pública sustentada en el respeto de los derechos humanos y equidad de oportunidades para todas las personas que componen las familias. | ||
| 590 | |a AMB/AGOSTO2014 | ||
| 650 | |a FAMILIA | ||
| 650 | |a CONDICIONES SOCIALES | ||
| 650 | |a ASPECTOS DEMOGRAFICOS | ||
| 650 | |a POLITICAS PÚBLICAS | ||
| 650 | |a DERECHOS HUMANOS | ||
| 650 | |a EQUIDAD SOCIAL | ||
| 773 | |g páginas 22-25 | ||
| 999 | |c 39827 |d 39827 | ||
